[Event "East Greenbush op"]
[Site "East Greenbush"]
[Date "2003.11.15"]
[Round "4"]
[White "Snyder, Walter J"]
[Black "Sellers, Sherman B"]
[Result "0-1"]
[WhiteElo "1254"]
[BlackElo "1398"]
[PlyCount "50"]
[EventDate "2003.11.15"]
[EventType "swiss"]
[EventRounds "4"]
[EventCountry "USA"]
[SourceTitle "EXT 2008"]
[Source "ChessBase"]
[SourceDate "2007.11.25"]
[SourceVersion "1"]
[SourceVersionDate "2007.11.25"]
[SourceQuality "1"]

1. Nf3 e6 2. c4 d5 3. b3 Nf6 4. Bb2 Bd6 5. cxd5 exd5 6. d4 0-0 7. Nbd2 Bg4 8. h3 Bxf3 9. exf3 Qe7+ 10. Be2 Re8 11. Rc1 Nc6 12. a3 Bxa3 13. Bxa3 Qxa3 14. Nb1 Qb4+ 15. Nd2 Nxd4 16. Kf1 Rxe2 17. Nc4 dxc4 18. Rxc4 Rd2 19. Qe1 Re8 20. Rxb4 Rxe1+ 21. Kxe1 Rd3 22. Rxb7 h6 23. g4 Rxf3 24. b4 Rb3 25. Rh2 Nf3+ 0-1